| 000 | 00000nam##2200000za#4500 |
| 001 | 9.675626 |
| 003 | CaOODSP |
| 005 | 20210624225344 |
| 007 | cr ||||||||||| |
| 008 | 150407|2005||||xxc|||||o f|0| 0 fre|d |
| 040 | |aCaOODSP|bfre |
| 041 | |aeng |
| 041 | |afre |
| 043 | |an-cn--- |
| 086 | 1 |aX9-2/6-2005-PDF |
| 110 | 1 |aCanada. |bParlement. |bChambre des communes. |
| 245 | 10|aRèglement annoté de la Chambre des Communes |h[ressource électronique] |
| 250 | |a2e édition |
| 260 | |aOttawa - Ontario : |bChambre des communes |c2005. |
| 300 | |a632p. |
| 590 | |a11-31-Supp|b2011-12-13 |
| 791 | |tAnnotated standing orders of the House of Commons |eeng|w(CaOODSP)9.675625 |
| 856 | 40|ahttp://publications.gc.ca|qPDF|s8360 Ko|uhttps://publications.gc.ca/collections/collection_2007/parl/X9-2-6-2005.pdf |